000 00294nam a22001337a 4500
008 170614b xxu||||| |||| 00| 0 eng d
020 _a132919974
041 _aeng
080 _a32
100 _a19
101 _aSHP
245 _aEUROPES WOULD BE POLITY
_cLINDBERY.L.N
942 _2udc
_cBK
999 _c17289
_d17289